000 00278nam a22001217a 4500
008 180307b xxu||||| |||| 00| 0 eng d
041 _aeng
080 _a621
100 _a27
101 _amecc
245 _aintroduction to automatic controls
_charrispn.b
942 _2udc
_cBK
999 _c44307
_d44307